00642cam a22002291 4500001001300000003000400013005001700017008004100034010001700075035002000092040001800112042001200130050002000142082001000162100002200172245008400194260005800278300001800336490002000354650002100374999001700395ca 36001790 DLC20260227111144.0890621s1932 nyu 000 0 eng  aca 36001790  a(OCoLC)19903403 aDLCcRPBdDLC apremarc00aPN6120.C5bH545 a812.51 aHolbrook, Marion.14aThe princess who could not be merry,ba Christmas play,cby Marion Holbrook ... aNew York,bFitzgerald Publishing Corporationc[c1932] a14 p.c19 cm.0 aPlayhouse plays 0aChristmas plays. c18370d18370